ბათუმის შოთა რუსთაველის სახელმწიფო უნივერსიტეტის ბიბლიოთეკა

Справочник по теплофизическим свойствам газов и жидкостей. (ბიბ.ჩანაწერი № 37020)

000 -LEADER
fixed length control field 00757nam a2200217Ia 4500
001 - CONTROL NUMBER
control field 2973
003 - CONTROL NUMBER IDENTIFIER
control field GE_BSU
008 - FIXED-LENGTH DATA ELEMENTS--GENERAL INFORMATION
fixed length control field 181216s||||||||xx |||||||||||||| ||und||
040 ## - CATALOGING SOURCE
Transcribing agency GE_BSU
080 ## - UNIVERSAL DECIMAL CLASSIFICATION NUMBER
Universal Decimal Classification number 536.22+536.23(035.3)
100 ## - MAIN ENTRY--PERSONAL NAME
Personal name Варгафтик,Н.Б.
245 ## - TITLE STATEMENT
Title Справочник по теплофизическим свойствам газов и жидкостей.
245 ## - TITLE STATEMENT
Statement of responsibility, etc. Ред.В.А.Алексеев.
250 ## - EDITION STATEMENT
Edition statement Изд. второе, доп. и переработанное.
260 ## - PUBLICATION, DISTRIBUTION, ETC.
Place of publication, distribution, etc. М.
260 ## - PUBLICATION, DISTRIBUTION, ETC.
Name of publisher, distributor, etc. Наука.
260 ## - PUBLICATION, DISTRIBUTION, ETC.
Date of publication, distribution, etc. 1972.
300 ## - PHYSICAL DESCRIPTION
Extent 720стр.с илл.26см.
653 ## - INDEX TERM--UNCONTROLLED
Uncontrolled term Справочник по теплофизическим свойствам газов и жидкостей.
942 ## - ADDED ENTRY ELEMENTS (KOHA)
Koha item type წიგნი
ეგზემპლარები
Withdrawn status Lost status Damaged status Not for loan Date acquired Barcode Date last seen Price effective from Koha item type
        2018-12-17 9575 2018-12-17 2018-12-17 წიგნი